000 00585nam a22002417a 4500
003 UA-OsUOA
001 103325
007 ta
008 20131028b un ||||| |||| 00| 0 ukr d
100 _aСоловьев В. С.
090 _a140.8
_bС60
942 _cBK
040 _aUA-OsUOA
_brus
_cUA-OsUOA
_dUA-OsUOA
245 _aСочинения в 2-х т.
_b1
300 _a892 с.
955 _a3
041 _arus
080 _a140.8
020 _a5-244-00192-2
260 _aМ.
_bМысль
_c1990
650 7 _a1 Філософські науки
_2UDC
999 _c389939
_d389939